000 01769nam a2200253Ia 4500
008 260220t1975||||xx |||||||||||||| ||spa||
020 _a700918686
040 _aPY-SlUNAC
_bspa
_erda
041 _aspa
082 _a512
_bSpi43t
100 _aSpiegel, Murray R.
_eAutor
245 0 _aTeoría y problema de álgebra superior /
_cpor Murray R. Spiegel [Autor]
264 _aCiudad de México :
_bMcGraw-Hill,
_c℗1975.
300 _a312 páginas
520 _a"Teoría y problemas de álgebra superior" de Murray R. Spiegel es una obra educativa que se adentra en los fundamentos y aplicaciones del álgebra superior, diseñada para estudiantes de nivel universitario. El texto aborda una amplia gama de temas, incluyendo grupos, anillos, cuerpos y espacios vectoriales, proporcionando una base sólida en teoría abstracta y sus implicaciones prácticas. Cada capítulo combina explicaciones teóricas con ejemplos ilustrativos y problemas resueltos, facilitando la comprensión de conceptos complejos. Además, el libro incluye una serie de ejercicios al final de cada sección, permitiendo a los lectores practicar y aplicar los conocimientos adquiridos. Spiegel también presenta soluciones detalladas a muchos de estos problemas, lo que lo convierte en un recurso valioso tanto para el autoestudio como para la enseñanza en clases. En conjunto, esta obra es un compendio esencial para aquellos que buscan profundizar en el álgebra superior, combinando rigor académico con claridad pedagógica.
653 _aÁlgebra
653 _aEducación matemática
653 _aMatemáticas
942 _b2026/02/17
_cBK
999 _c7455
_d7455